Southville International School and Colleges
Your cart is empty.
  • Cart
  • Lists
    Public lists Eva Luna New books Lux_list list_1
    Your lists Log in to create your own lists
  • Log in to your account
  • Your cookies
  • Search history
Southville International School and Colleges
  • Advanced search
  • Recent comments
  • Most popular
  • Libraries

Log in to your account

Log in with GOOGLE


If you do not have an external account, but do have a local account, you can still log in:

  1. Home
  2. MARC view: Radiologic science for technologists :
Normal view MARC view ISBD view

Radiologic science for technologists : (Record no. 363046)

[ view plain ]
MARC details
000 -LEADER
fixed length control field 00581nam a2200181Ia 4500
003 - CONTROL NUMBER IDENTIFIER
control field SSLC
005 - DATE AND TIME OF LATEST TRANSACTION
control field 20260212141738.0
008 - FIXED-LENGTH DATA ELEMENTS--GENERAL INFORMATION
fixed length control field 200302s9999 xx 000 0 und d
020 ## - INTERNATIONAL STANDARD BOOK NUMBER
International Standard Book Number 9780323375108
050 ## - LIBRARY OF CONGRESS CALL NUMBER
Classification number R 895
Item number .B86 2017
100 ## - MAIN ENTRY--PERSONAL NAME
Personal name Bushog, Stewart Carlyle
245 ## - TITLE STATEMENT
Statement of responsibility, etc Stewart Carlyle Bushog, Frank Goener.--
Title Radiologic science for technologists :
Remainder of title physics,biology, and protection /
250 ## - EDITION STATEMENT
Edition statement 11th
260 ## - PUBLICATION, DISTRIBUTION, ETC. (IMPRINT)
Place of publication, distribution, etc St. Louis, Missouri:
Name of publisher, distributor, etc Elsevier
Date of publication, distribution, etc 2017
300 ## - PHYSICAL DESCRIPTION
Extent vii, 275 pages :
Other physical details black and white illustrations;
650 ## - SUBJECT ADDED ENTRY--TOPICAL TERM
Topical term or geographic name as entry element Radiology.
942 ## - ADDED ENTRY ELEMENTS (KOHA)
Source of classification or shelving scheme Library of Congress Classification
Koha item type Books
Holdings
Withdrawn status Lost status Source of classification or shelving scheme Damaged status Home library Current library Shelving location Date acquired Source of acquisition Total Checkouts Full call number Barcode Date last seen Price effective from Koha item type
    Library of Congress Classification   South SEED-LPDH College Library South SEED-LPDH College Library South SEED-LPDH College Section 03/02/2020 Donation   R 895 .B86 2017 SSLC1890 03/02/2020 03/02/2020 Books

Radiologic science for technologists :

APA

Bushog S. C., . (2017). Radiologic science for technologists. St. Louis, Missouri: Elsevier.

Chicago

Bushog Stewart Carlyle, . 2017. Radiologic science for technologists. St. Louis, Missouri: Elsevier.

Harvard

Bushog S. C., . (2017). Radiologic science for technologists. St. Louis, Missouri: Elsevier.

MLA

Bushog Stewart Carlyle, . Radiologic science for technologists. St. Louis, Missouri: Elsevier. 2017.

  • Place hold
  • Print
  • Cite
  • Add to your cart (remove)
  • Save record
    BIBTEX Dublin Core MARCXML MARC (non-Unicode/MARC-8) MARC (Unicode/UTF-8) MARC (Unicode/UTF-8, Standard) MODS (XML) RIS
  • More searches
    Search for this title in:
    Other Libraries (WorldCat) Other Databases (Google Scholar) Online Stores (Bookfinder.com) Open Library (openlibrary.org)

Exporting to Dublin Core...

SOUTHVILLE LIBRARY

Southville International School and Colleges Library

1281 Tropical Ave. Cor. Luxembourg St., BF Homes International, Las Pinas City

Tel. No. 8256374 / 252358 Loc. 117/146

Powered by Koha